Nights of rain and stars

Αποθηκεύτηκε σε:
Λεπτομέρειες βιβλιογραφικής εγγραφής
Κύριος συγγραφέας: Binchy, Maeve, 1940-2012
Μορφή: Βιβλίο
Γλώσσα:English
Δημοσίευση: London : Orion Books, c2004.
Θέματα:
Ετικέτες: Προσθήκη ετικέτας
Δεν υπάρχουν, Καταχωρήστε ετικέτα πρώτοι!

MARC

LEADER 00000cam a2200000 a 4500
001 1/115473
008 171107t2004####enk| ||| |||| ||eng||
020 |a 9780752882536 
040 |a GR-MyUa  |b gre  |c GR-MyUa  |e AACR2 
041 0 |a eng 
082 7 |a 823  |2 (23) 
100 1 |a Binchy, Maeve,   |d 1940-2012. 
245 1 0 |a Nights of rain and stars /   |c Maeve Binchy.  
260 |a London :   |b Orion Books,   |c c2004.  
300 |a 392 σ. ;   |c 18 εκ.  
650 0 |a Psychological fiction. 
650 0 |a English fiction  |x Irish authors. 
650 0 |a Life change events  |v Fiction. 
650 0 |a Travelers  |v Fiction. 
852 |a INST  |b SAMOS  |e 20171107  |h 823 BIN  |p 005300045019  |q 005300045019  |t BK  |y 0 
970 |a Φιλιππή  |b Φάλη  |z 07-11-2017